Roczne przeboje nr 1 w USA - Statystyki

Ogólne statystyki
  • Ten quiz został rozwiązany 10 razy
  • Średni wynik to 22 z 62
Statystyki odpowiedzi
Rok Piosenka Artysta lub zespół % Poprawnych
2003 In da Club 50 Cent
90%
2011 Rolling in the Deep Adele
90%
1995 Gangsta's Paradise Coolio
90%
2017 Shape of You Ed Sheeran
90%
1988 Faith George Michael
90%
2012 Somebody That I Used to Know Gotye
90%
1968 Hey Jude The Beatles
90%
1964 I Want To Hold Your Hand The Beatles
90%
2014 Happy Pharrell Williams
80%
2020 Blinding Lights The Weeknd
80%
1993 I Will Always Love You Whitney Houston
80%
1999 Believe Cher
70%
2021 Levitating Dua Lipa
70%
2002 How You Remind Me Nickelback
70%
1983 Every Breath You Take The Police
70%
1985 Careless Whisper Wham!
70%
1980 Call Me Blondie
60%
1991 (Everything I Do) I Do It for You Bryan Adams
60%
2016 Love Yourself Justin Bieber
60%
2015 Uptown Funk Mark Ronson
60%
2004 Yeah! Usher
60%
1997 Candle in the Wind Elton John
50%
2007 Irreplaceable Beyoncé
40%
2018 God's Plan Drake
40%
2019 Old Town Road Lil Nas X
40%
1996 Macarena Los del Rio
40%
2009 Boom Boom Pow Black Eyed Peas
30%
1966 California Dreamin' The Mamas & the Papas
30%
2008 Low Flo Rida
30%
2022 Heat Waves Glass Animals
30%
2010 Tik Tok Ke$ha
30%
1982 Physical Olivia Newton-John
30%
1984 When Doves Cry Prince
30%
1987 Walk Like an Egyptian The Bangles
30%
1994 The Sign Ace of Base
20%
1963 Surfin' U.S.A. Beach Boys
20%
1981 Bette Davis Eyes Kim Carnes
20%
2013 Thrift Shop Macklemore and Ryan Lewis
20%
1970 Bridge Over Troubled Water Simon & Garfunkel
20%
1969 Sugar, Sugar The Archies
20%
1978 Shadow Dancing Andy Gibb
10%
2006 Bad Day Daniel Powter
10%
2005 We Belong Together Mariah Carey
10%
1972 The First Time Ever I Saw Your Face Roberta Flack
10%
1965 Wooly Bully Sam the Sham and the Pharaoh
10%
2024 Lose Control Teddy Swims
10%
1974 The Way We Were Barbra Streisand
0%
1992 End of the Road Boyz II Men
0%
1975 Love Will Keep Us Together Captain & Tennille
0%
1989 Look Away Chicago
0%
1986 That's What Friends Are For Dionne Warwick
0%
2000 Breathe Faith Hill
0%
2001 Hanging by a Moment Lifehouse
0%
1967 To Sir With Love Lulu
0%
2023 Last Night Morgan Wallen
0%
1998 Too Close Next
0%
1977 Tonight's the Night (Gonna Be Alright) Rod Stewart
0%
1979 My Sharona The Knack
0%
1971 Joy to the World Three Dog Night
0%
1973 Tie a Yellow Ribbon Round the Ole Oak Tree Tony Orlando and Dawn
0%
1990 Hold On Wilson Phillips
0%
1976 Silly Love Songs Wings
0%
Nie znaleziono quizów pasujących do podanych kryteriów
Rozkład punktacji
Procent ludzi z każdym wynikiem
Percentyl według liczby udzielonych odpowiedzi
Twoja historia wyników
Nie rozwiązałeś tego quizu